<?xml version="1.0" encoding="UTF-8"?>
<record
    xmlns:xsi="http://www.w3.org/2001/XMLSchema-instance"
    xsi:schemaLocation="http://www.loc.gov/MARC21/slim http://www.loc.gov/standards/marcxml/schema/MARC21slim.xsd"
    xmlns="http://www.loc.gov/MARC21/slim">

  <leader>00871cam a22001931  4500</leader>
  <controlfield tag="001">000020151</controlfield>
  <controlfield tag="005">20200929170305.0</controlfield>
  <controlfield tag="008">781019s1941    mx a     b    000 0 spa c</controlfield>
  <datafield tag="040" ind1=" " ind2=" ">
    <subfield code="a">DO-SdBNP</subfield>
    <subfield code="b">spa</subfield>
    <subfield code="c">BNPHU</subfield>
  </datafield>
  <datafield tag="082" ind1=" " ind2=" ">
    <subfield code="a">972.04</subfield>
    <subfield code="b">M467</subfield>
  </datafield>
  <datafield tag="245" ind1="0" ind2="4">
    <subfield code="a">Los mayas antiguos :</subfield>
    <subfield code="b">monograf&#xED;as de arqueolog&#xED;a, etnograf&#xED;a y ling&#xFC;istica mayas publicadas con motivo del centenario de la exploraci&#xF3;n de Yucat&#xE1;n John L. Stephens y Frederick Catherwood en los a&#xF1;os 1841-42 /</subfield>
    <subfield code="c">prefacio C&#xE9;sar Lizardi Ramos.</subfield>
  </datafield>
  <datafield tag="260" ind1=" " ind2=" ">
    <subfield code="a">M&#xE9;xico :</subfield>
    <subfield code="b">Colegio de M&#xE9;xico,</subfield>
    <subfield code="c">1941.</subfield>
  </datafield>
  <datafield tag="300" ind1=" " ind2=" ">
    <subfield code="a">361 p. :</subfield>
    <subfield code="b">il. ;</subfield>
    <subfield code="c">24 cm.</subfield>
  </datafield>
  <datafield tag="504" ind1=" " ind2=" ">
    <subfield code="a">Bibliograf&#xED;a de Jhon Lloyd Stephens, por Arthur Gropp: p. 17-32</subfield>
  </datafield>
  <datafield tag="600" ind1="1" ind2="4">
    <subfield code="a">STEPHENS, JOHN LLOYD</subfield>
    <subfield code="d">1805-1852</subfield>
    <subfield code="x">BIBLIOGRAF&#xCD;A</subfield>
    <subfield code="9">42740</subfield>
  </datafield>
  <datafield tag="650" ind1=" " ind2="4">
    <subfield code="a">Mayas</subfield>
    <subfield code="x">Antiguedades</subfield>
    <subfield code="9">42741</subfield>
  </datafield>
  <datafield tag="700" ind1="1" ind2="2">
    <subfield code="a">Lizardi Ramos, C&#xE9;sar</subfield>
    <subfield code="9">42742</subfield>
  </datafield>
  <datafield tag="910" ind1=" " ind2=" ">
    <subfield code="a">Validado. Control de calidad MFF</subfield>
  </datafield>
  <datafield tag="952" ind1=" " ind2=" ">
    <subfield code="0">0</subfield>
    <subfield code="1">0</subfield>
    <subfield code="5">0</subfield>
    <subfield code="7">1</subfield>
    <subfield code="8">MO</subfield>
    <subfield code="a">GR</subfield>
    <subfield code="b">GR</subfield>
    <subfield code="c">HD</subfield>
    <subfield code="d">2010-07-23</subfield>
    <subfield code="i">LF1</subfield>
    <subfield code="l">0</subfield>
    <subfield code="o">972.04 M467</subfield>
    <subfield code="p">20151-10</subfield>
    <subfield code="r">2020-06-25</subfield>
    <subfield code="w">2020-06-25</subfield>
    <subfield code="y">1</subfield>
    <subfield code="Z">No se presta</subfield>
  </datafield>
  <datafield tag="999" ind1=" " ind2=" ">
    <subfield code="c">19658</subfield>
    <subfield code="d">19658</subfield>
  </datafield>
</record>
